Normal view
MARC view
Entry Personal Name
001 - CONTROL NUMBER
- control field: 17173
003 - CONTROL NUMBER IDENTIFIER
- control field: HDC
005 - DATE AND TIME OF LATEST TRANSACTION
- control field: 20230624073510.0
008 - FIXED-LENGTH DATA ELEMENTS
- fixed length control field: 210226|| aca||aabn | a|a d
040 ## - CATALOGING SOURCE
- Original cataloging agency: HDC
- Transcribing agency: HDC
100 ## - HEADING--PERSONAL NAME
- Personal name: Zonio, Aquiles Z
670 ## - SOURCE DATA FOUND
- Source citation: Work cat.: (HDC): Zonio, Aquiles Z, author, Manila's export unit plans to tap Brunei for halal certification /, 2011
